| 000 | 00735nam a2200241Ia 4500 | ||
|---|---|---|---|
| 003 | GCL | ||
| 005 | 20240530103204.0 | ||
| 008 | 140319s9999 xx 000 0 ara d | ||
| 040 |
_aGCL / _cGCL |
||
| 082 | 0 | 4 |
_a940 _bن ت |
| 100 | 1 | _aنورالدين حاطوم | |
| 245 | 1 | 0 |
_aتاريخ القرن السابع عشر فى اوربه / _cنورالدين حاطوم |
| 250 | _aط1 | ||
| 260 |
_aدمشق : _bدار الفكر ، _c1986 |
||
| 300 |
_a664 ص ؛ _c24 سم |
||
| 650 | 0 | 4 | _aتاريخ |
| 650 | 0 | 4 | _aالحضارة الاوربية |
| 650 | 0 | 4 | _aالعصور الوسطى |
| 650 | 0 | 4 | _aاوربا |
| 650 | 0 | 4 | _aالقرن السابع عشر |
| 650 | 0 | 4 | _aعصر النهضة (1300 - 1494) |
| 942 |
_2ddc _cBK |
||
| 999 |
_c37453 _d37453 |
||